000 00694nam a2200253Ia 4500
003 OSt
005 20220925230628.0
006 a|||||r|||| 00| 0
007 ta
008 220923b |||||||| |||| 00| 0 eng d
020 _a1856498697
037 _cGeneral Book
040 _aRTL
_cRTL
_beng
041 _2eng
_aeng
082 _aX:3L, P0
100 _aDierckxsens Wim
_923562
245 0 _aLimits of Capitalism
_b An approach to globalization
260 _aLondon
_bZed Books
_c2000
300 _aix;170p
_ccm.
500 _aBibliography p156-164
650 _aCapitalism
_935642
942 _hX:3L, P0
_cGB
_2CC
999 _c586161
_d586161